Estadísticas para Países del Imperio Japonés en un Mapa

Haz click aquí para tomar la prueba!

Estadísticas generales

  • Esta prueba ha sido tomada 3.582 veces
  • La puntuación promedio es 21 de 23

Respuestas en el mapa

Las respuestas están codificadas por una escala verde-roja en el mapa de la prueba según el % correcto abajo.
 

Estadísticas de respuestas

País% Correcto
China
99%
Corea del Norte
99%
Corea del Sur
99%
Japón
99%
Indonesia
98%
Vietnam
98%
Filipinas
96%
Laos
95%
Papua Nueva Guinea
95%
Malasia
94%
Taiwán
94%
Camboya
93%
Myanmar
92%
Rusia (Isla de Sajalin)
89%
Singapur
89%
Estados Federados de Micronesia
86%
Islas Salomón
83%
Timor Oriental
83%
Islas Marshall
80%
Kiribati
79%
Palaos
76%
Nauru
75%
Brunéi
73%

Distribución de puntuación

Porcentaje por número respondido

Porcentaje de gente con cada puntuación

Historial de tus puntuaciones

No has tomado esta prueba